000 00727nam a22001817a 4500
003 OSt
005 20250829060909.0
008 250829b |||||||| |||| 00| 0 eng d
020 _a9781118679210
040 _aDWC-Main Lib.
_cOC
100 _aPOULTON, NIGEL
245 _aData storage networkings :
_breal world skills for the CompTIA certification and beyond/
_cPOULTON, NIGEL
260 _aIndianopolis, Indiana :
_bJohn Wiley & Sons,
_cc2014.
300 _axviii, 573 pages :
_billustrations ;
_c24 cm.
504 _aIncludes index.
650 _a1. Storage are networks (Computer networks)--Examinations--Study guides. 2. Telecommunications engineers--Certification. I. Title.
942 _2ddc
_cBK-CIRC
_hCirc.
_n0
999 _c4344
_d4344